000 00867cam a22002171 4500
001 f 01001837
003 DLC
005 20260227111241.0
008 760521s1871 fr 000 0 fre
010 _af 01001837
035 _a(OCoLC)2186442
040 _aDLC
_cPPT
_dDLC
042 _apremarc
050 0 0 _aHX11.I5
_bT3
100 1 _aTestut, Oscar,
_d1840-
245 1 2 _aL'Internationale;
_bson origine, son but; son caractère, ses principes, ses tendances, son organisation, ses moyens d'action, ses ressources, son rôle dans les grèves, ses statuts, ses congrès, son développement, tableau de la situation actuelle de l'Internationale en France, en Europe et en Amérique.
250 _a3. éd. rev. et augm.
260 _aParis,
_bE. Lachaud; [etc., etc.]
_c1871.
300 _axv, 288 p.
_c19 cm.
610 2 0 _aInternational Workingmen's Association.
999 _c22647
_d22647